| LEADER |
00859nam0a2200181 450 |
| 001 |
16847914 |
| 010 |
|
|
|a 2-84899-077-5
|b Br.
|d 14,9
|
| 100 |
|
|
|a 20050825d2005 u u0frey01 ba
|
| 101 |
0 |
|
|a fre
|
| 102 |
|
|
|a FR
|
| 200 |
0 |
|
|a Cosmétiques mode d'emploi
|e la beauté sans le stress
|f Laurence Wittner
|
| 207 |
|
1 |
|a
|
| 215 |
|
|
|a 224 p.
|d 21 x 15 cm
|
| 330 |
|
|
|a Fait le point, produit par produit, sur l'ensemble des cosmétiques, qu'ils soient classiques, naturels, bio ou faits maison. Propose ainsi des informations, des conseils d'utilisation, les précautions d'emploi, ainsi que des précisions techniques sur les compositions chimiques des cosmétiques.
|
| 700 |
|
0 |
|a Wittner
|b Laurence
|4 70
|
| 900 |
|
|
|a Documentaire
|
| 901 |
|
|
|a Accessible au prêt
|
| 995 |
|
|
|a Bibliothèque
|c Bibliothèque
|f 00156006351480
|h 00156006351480
|k 613.4 WIT
|o p
|q a
|r az
|e Bibliothèque
|